| 000 | 00475cam a22001337a 4500 | ||
|---|---|---|---|
| 008 | 180718b1997 xxu||||| |||| 00| 0 eng d | ||
| 082 | _aO91 P973 | ||
| 100 | _aPuri, Rama | ||
| 245 |
_aAntarctica: a natural reserve, a study in international environmental politics _cby Rama Puri |
||
| 260 |
_aShimla _bIndian Institute of Advanced Study _c1997 |
||
| 300 | _a352p. | ||
| 650 | _aenvironmental law, International | ||
| 650 | _aEnvironmental protection - International cooperation | ||
| 999 |
_c385131 _d385131 |
||